[Event "Szolnok op"]
[Site "Szolnok"]
[Date "2022.06.18"]
[Round "6"]
[White "Torda, David"]
[Black "Pallos, Laszlo"]
[Result "0-1"]
[WhiteElo "1393"]
[BlackElo "1925"]
[PlyCount "68"]
[EventDate "2022.06.16"]
[EventType "swiss"]
[EventRounds "7"]
[EventCountry "HUN"]
[SourceTitle "CBM 209 Extra"]
[Source "ChessBase"]
[SourceDate "2022.09.30"]
[SourceVersion "1"]
[SourceVersionDate "2022.09.30"]
[SourceQuality "1"]

1. d4 d5 2. Nf3 c6 3. c3 Bf5 4. Bf4 e6 5. e3 Bd6 6. Bxd6 Qxd6 7. Bd3 Bg4 8. Nbd2 Nd7 9. Qc2 f5 10. 0-0 Ngf6 11. c4 Ne4 12. cxd5 exd5 13. Nh4 g5 14. f3 Nxd2 15. Qxd2 gxh4 16. fxg4 fxg4 17. Rf4 h5 18. Raf1 0-0-0 19. Qa5 Kb8 20. Rf7 Rdf8 21. Rxf8+ Rxf8 22. Rf5 b6 23. Qc3 Rxf5 24. Bxf5 g3 25. hxg3 hxg3 26. e4 Qf4 27. Qe1 Nf6 28. e5 Qxd4+ 29. Kh1 Qf2 30. Qxf2 gxf2 31. Bd3 Ng4 32. e6 Kc7 33. g3 Ne3 34. e7 Kd7 0-1

[Event "HUN-chT2 Toth 0304"]
[Site "Hungary"]
[Date "2004.04.18"]
[Round "11"]
[White "Pallos, Laszlo"]
[Black "Zalai, Mihaly"]
[Result "0-1"]
[WhiteElo "2187"]
[BlackElo "2129"]
[PlyCount "114"]
[EventDate "2003.09.28"]
[EventType "team"]
[EventRounds "11"]
[EventCountry "HUN"]
[SourceTitle "EXT 2009"]
[Source "ChessBase"]
[SourceDate "2008.11.26"]
[SourceVersion "1"]
[SourceVersionDate "2008.11.26"]
[SourceQuality "1"]
[WhiteTeam "Szentes"]
[BlackTeam "Oroshaza"]
[WhiteTeamCountry "HUN"]
[BlackTeamCountry "HUN"]

1. d4 d5 2. Nf3 Nf6 3. e3 e6 4. Bd3 c5 5. c4 dxc4 6. Bxc4 Nc6 7. 0-0 a6 8. a4 Bd7 9. Nc3 Rc8 10. Ba2 Nb4 11. Bb1 Bc6 12. Ne5 Bd6 13. Nxc6 Nxc6 14. dxc5 Bxc5 15. Ne4 Bb4 16. Qxd8+ Rxd8 17. Nxf6+ gxf6 18. e4 Na5 19. Bc2 Ke7 20. Bh6 Rc8 21. Bd3 Rhd8 22. Rfd1 Nc4 23. Bxc4 Rxd1+ 24. Rxd1 Rxc4 25. f3 Bc5+ 26. Kf1 Rxa4 27. Rc1 b6 28. Ke2 Rb4 29. Rc2 a5 30. g4 Rb3 31. Bd2 a4 32. h4 a3 33. bxa3 Rxa3 34. Bc3 Kd7 35. g5 fxg5 36. hxg5 Kc6 37. Bd4 Ra4 38. Bxc5 bxc5 39. Rc3 c4 40. f4 Kc5 41. Rh3 Ra2+ 42. Kd1 Rf2 43. f5 exf5 44. exf5 Rxf5 45. Rxh7 Kb4 46. Rg7 Kc3 47. g6 Rd5+ 48. Ke1 fxg6 49. Rxg6 Kc2 50. Rb6 Re5+ 51. Kf2 c3 52. Rb7 Kc1 53. Rb6 c2 54. Rb7 Kd2 55. Rd7+ Kc3 56. Rc7+ Kd3 57. Rd7+ Kc4 0-1

[Event "HUN-chT2 Toth 0304"]
[Site "Hungary"]
[Date "2004.04.04"]
[Round "10"]
[White "Salanki, Endre"]
[Black "Pallos, Laszlo"]
[Result "1/2-1/2"]
[WhiteElo "2301"]
[BlackElo "2187"]
[PlyCount "36"]
[EventDate "2003.09.28"]
[EventType "team"]
[EventRounds "11"]
[EventCountry "HUN"]
[SourceTitle "EXT 2009"]
[Source "ChessBase"]
[SourceDate "2008.11.26"]
[SourceVersion "1"]
[SourceVersionDate "2008.11.26"]
[SourceQuality "1"]
[WhiteTeam "Takisz"]
[BlackTeam "Szentes"]
[WhiteTeamCountry "HUN"]
[BlackTeamCountry "HUN"]

1. c4 e5 2. Nc3 Nf6 3. e4 Nc6 4. d3 Bc5 5. g3 d6 6. h3 0-0 7. Bg2 Nd4 8. Nge2 c6 9. 0-0 Rb8 10. Nxd4 Bxd4 11. Ne2 Bb6 12. b3 d5 13. Bb2 Bc7 14. cxd5 cxd5 15. Rc1 dxe4 16. dxe4 Qe7 17. Nc3 Bd6 18. Nb5 Bc5 1/2-1/2

[Event "HUN-chT3 0001"]
[Site "Hungary"]
[Date "2001.03.04"]
[Round "8.3"]
[White "Donko, Matyas"]
[Black "Pallos, Laszlo"]
[Result "1/2-1/2"]
[WhiteElo "2109"]
[BlackElo "2210"]
[PlyCount "22"]
[EventDate "2000.10.29"]
[EventType "team"]
[EventRounds "11"]
[EventCountry "HUN"]
[SourceTitle "EXT 2007"]
[Source "ChessBase"]
[SourceDate "2006.11.23"]
[SourceVersion "1"]
[SourceVersionDate "2006.11.23"]
[SourceQuality "1"]

1. e4 e5 2. Nf3 Nc6 3. Bb5 g6 4. c3 Bg7 5. 0-0 Nge7 6. d4 exd4 7. cxd4 0-0 8. Nc3 d6 9. h3 a6 10. Bc4 b5 11. Bb3 Na5 1/2-1/2

[Event "HUN-chT2"]
[Site "Hungary"]
[Date "1997.??.??"]
[Round "10"]
[White "Pallos, Laszlo"]
[Black "Emodi, Gyula"]
[Result "0-1"]
[WhiteElo "2205"]
[BlackElo "2395"]
[PlyCount "60"]
[EventDate "1997.??.??"]
[EventType "team-swiss"]
[EventRounds "13"]
[EventCountry "HUN"]
[SourceTitle "EXT 2006"]
[Source "ChessBase"]
[SourceDate "2005.11.24"]
[SourceVersion "1"]
[SourceVersionDate "2005.11.24"]
[SourceQuality "1"]

1. d4 Nf6 2. c4 g6 3. Nc3 Bg7 4. e4 d6 5. h3 0-0 6. Bg5 c5 7. d5 a6 8. a4 e6 9. Nf3 Qa5 10. Bd3 exd5 11. exd5 Re8+ 12. Kf1 Nbd7 13. Kg1 Ne5 14. Nxe5 dxe5 15. Bxf6 Bxf6 16. Ne4 Bg7 17. Nd6 Rf8 18. Nxc8 Raxc8 19. g4 f5 20. gxf5 gxf5 21. Rh2 e4 22. Bf1 Kh8 23. Qc2 Rg8 24. Kh1 Qc7 25. Qd2 Bd4 26. h4 Qe5 27. Ra3 f4 28. Bh3 e3 29. fxe3 Qe4+ 30. Bg2 Qb1+ 0-1

[Event "HUN-chT2"]
[Site "Hungary"]
[Date "1996.??.??"]
[Round "4"]
[White "Pallos, Laszlo"]
[Black "Donka, Peter"]
[Result "1-0"]
[WhiteElo "2250"]
[BlackElo "2225"]
[PlyCount "143"]
[EventDate "1996.??.??"]
[EventType "team"]
[EventRounds "13"]
[EventCountry "HUN"]
[SourceTitle "EXT 2006"]
[Source "ChessBase"]
[SourceDate "2005.11.24"]
[SourceVersion "1"]
[SourceVersionDate "2005.11.24"]
[SourceQuality "1"]

1. d4 d5 2. Nf3 c5 3. e3 Nc6 4. c3 cxd4 5. exd4 Bg4 6. Bd3 e6 7. Nbd2 Bd6 8. 0-0 Qc7 9. h3 Bh5 10. Re1 Nf6 11. Nf1 0-0 12. Bg5 Nd7 13. Rc1 Rab8 14. a4 a6 15. Bh4 Bf4 16. Bg3 Nb6 17. b3 Rbc8 18. Bxf4 Qxf4 19. Qd2 Qxd2 20. N1xd2 Rc7 21. g4 Bg6 22. Bxg6 hxg6 23. Ne5 Nxe5 24. Rxe5 Rfc8 25. Re3 Nd7 26. f4 Nf6 27. Kg2 Ne8 28. c4 Nd6 29. c5 b6 30. Rec3 Kf8 31. b4 b5 32. a5 Nb7 33. Nf3 f6 34. Re3 Nd8 35. Rce1 Kf7 36. h4 Re7 37. Kg3 Nc6 38. Rb3 Rce8 39. Rf1 Rh8 40. g5 Ke8 41. Rg1 Kd7 42. gxf6 gxf6 43. Kf2 Rh6 44. Ke3 Reh7 45. Rb2 Ne7 46. Kd3 Nf5 47. Rbg2 Ne7 48. Rg3 Ke8 49. Re1 Kf7 50. Rf1 Nf5 51. Rgg1 Nxh4 52. Ng5+ fxg5 53. fxg5+ Nf5 54. gxh6 Rxh6 55. Rh1 Rh5 56. Rxh5 gxh5 57. c6 Ke7 58. Rc1 Kd8 59. c7+ Kc8 60. Rc6 h4 61. Rxe6 h3 62. Rxa6 Ng3 63. Rh6 Ne4 64. Ke3 Kxc7 65. Rxh3 Nc3 66. Rh2 Ne4 67. Kf4 Nf6 68. Rh6 Nd7 69. Rh7 Kc8 70. Rxd7 Kxd7 71. Ke5 Kc6 72. Ke6 1-0

[Event "HUN-chT2 9596"]
[Site "Hungary"]
[Date "1996.??.??"]
[Round "10"]
[White "Pallos, Laszlo"]
[Black "Schmikli, Laszlo"]
[Result "0-1"]
[WhiteElo "2250"]
[BlackElo "2160"]
[PlyCount "82"]
[EventDate "1995.??.??"]
[EventType "team"]
[EventRounds "11"]
[EventCountry "HUN"]
[SourceTitle "EXT 2000"]
[Source "ChessBase"]
[SourceDate "1999.11.16"]
[SourceVersion "1"]
[SourceVersionDate "1999.11.16"]
[SourceQuality "1"]

1. d4 Nf6 2. c4 c5 3. d5 b5 4. a4 bxc4 5. Nc3 d6 6. e4 g6 7. Bxc4 Bg7 8. Nge2 0-0 9. 0-0 Ba6 10. Qd3 Bxc4 11. Qxc4 Nbd7 12. f4 Rb8 13. Ng3 Rb4 14. Qe2 h5 15. h3 h4 16. Nh1 Nh5 17. Qe1 e6 18. Rf3 Re8 19. Nf2 Ng3 20. dxe6 Rxe6 21. Nd5 Bd4 22. Nxb4 Rxe4 23. Qd1 cxb4 24. Kh2 Bxf2 25. Rxf2 Qe7 26. Bd2 d5 27. Rc1 Nf6 28. a5 Rd4 29. Rc8+ Kg7 30. Qa4 Nfe4 31. f5 Nxf2 32. f6+ Kxf6 33. Bc3 Qe5 34. Bxd4 Qxd4 35. Qc6+ Kg5 36. Qc7 Nfe4 37. Qc1+ Kh5 38. Qe1 Qe5 39. Kg1 Qxb2 40. Rc7 Ne2+ 41. Kh2 Qe5+ 0-1

[Event "HUN-chT2"]
[Site "Hungary"]
[Date "1996.??.??"]
[Round "?"]
[White "Pallos, Laszlo"]
[Black "Szilagyi, Tibor"]
[Result "0-1"]
[WhiteElo "2250"]
[BlackElo "2295"]
[PlyCount "92"]
[EventDate "1996.??.??"]
[EventType "team"]
[EventRounds "13"]
[EventCountry "HUN"]
[SourceTitle "EXT 2006"]
[Source "ChessBase"]
[SourceDate "2005.11.24"]
[SourceVersion "1"]
[SourceVersionDate "2005.11.24"]
[SourceQuality "1"]

1. d4 Nf6 2. c4 e6 3. Nc3 Bb4 4. e3 0-0 5. Bd3 d5 6. Nf3 c5 7. 0-0 cxd4 8. exd4 dxc4 9. Bxc4 Bxc3 10. bxc3 Qc7 11. Qe2 Nbd7 12. Bd2 b6 13. Bd3 Bb7 14. Ng5 h6 15. Nh3 e5 16. Bf5 Rfe8 17. Bxd7 Nxd7 18. Qg4 Nf6 19. Qg3 Ne4 20. Qd3 Rac8 21. Rfc1 Qc4 22. Qe3 Rcd8 23. f3 exd4 24. cxd4 Nxd2 25. Qxd2 Qxd4+ 26. Qxd4 Rxd4 27. Rc7 Bc8 28. Rxa7 Bxh3 29. gxh3 Rd2 30. a4 Ree2 31. Rb7 Rg2+ 32. Kf1 Rdf2+ 33. Ke1 Rb2 34. Kf1 Rxh2 35. Kg1 Rbg2+ 36. Kf1 Rg6 37. Re1 Rf6 38. Re3 Rxh3 39. Kg2 Rh4 40. Ra3 Rb4 41. Rc7 Rf5 42. Ra7 Ra5 43. Rb7 Kh7 44. Kg3 h5 45. Rd3 Rg5+ 46. Kf2 h4 0-1

[Event "HUN-chT2"]
[Site "Hungary"]
[Date "1996.??.??"]
[Round "3"]
[White "Somlai, Laszlo"]
[Black "Pallos, Laszlo"]
[Result "1-0"]
[WhiteElo "2365"]
[BlackElo "2250"]
[PlyCount "53"]
[EventDate "1996.??.??"]
[EventType "team"]
[EventRounds "13"]
[EventCountry "HUN"]
[SourceTitle "EXT 2006"]
[Source "ChessBase"]
[SourceDate "2005.11.24"]
[SourceVersion "1"]
[SourceVersionDate "2005.11.24"]
[SourceQuality "1"]

1. e4 e5 2. Nf3 d6 3. d4 Nd7 4. Bc4 Be7 5. dxe5 dxe5 6. Qd5 Nh6 7. Bxh6 0-0 8. Be3 c6 9. Qd2 b5 10. Bb3 a5 11. c3 c5 12. Bd5 Rb8 13. 0-0 Qc7 14. c4 bxc4 15. Bxc4 Rb4 16. b3 Nb6 17. Nc3 Nxc4 18. bxc4 Rxc4 19. Nd5 Qd6 20. Rfc1 Ba6 21. Nxe7+ Qxe7 22. Qxa5 Qb7 23. Rxc4 Bxc4 24. h3 Qxe4 25. Nd2 Qd3 26. Nxc4 Qxc4 27. Qxc5 1-0

[Event "Fuzesabony op"]
[Site "Fuzesabony"]
[Date "1996.??.??"]
[Round "8"]
[White "Torok, Sandor"]
[Black "Pallos, Laszlo"]
[Result "0-1"]
[WhiteElo "1900"]
[BlackElo "2205"]
[PlyCount "34"]
[EventDate "1996.??.??"]
[EventType "swiss"]
[EventRounds "9"]
[EventCountry "HUN"]
[SourceTitle "EXT 2004"]
[Source "ChessBase"]
[SourceDate "2003.11.25"]
[SourceVersion "1"]
[SourceVersionDate "2003.11.25"]
[SourceQuality "1"]

1. d4 d5 2. c4 Bf5 3. cxd5 Bxb1 4. Rxb1 Qxd5 5. a3 Nc6 6. Nf3 e6 7. Bf4 Bd6 8. Bxd6 cxd6 9. e3 Nf6 10. Bd3 0-0 11. 0-0 e5 12. dxe5 dxe5 13. e4 Nxe4 14. Ng5 f5 15. Qe2 Nd4 16. Qh5 Nxg5 17. Qxg5 e4 0-1

[Event "HUN-chT2 9596"]
[Site "Hungary"]
[Date "1995.??.??"]
[Round "1"]
[White "Meszaros, Andras"]
[Black "Pallos, Laszlo"]
[Result "1-0"]
[WhiteElo "2345"]
[BlackElo "2250"]
[PlyCount "93"]
[EventDate "1995.??.??"]
[EventType "team"]
[EventRounds "11"]
[EventCountry "HUN"]
[SourceTitle "EXT 2000"]
[Source "ChessBase"]
[SourceDate "1999.11.16"]
[SourceVersion "1"]
[SourceVersionDate "1999.11.16"]
[SourceQuality "1"]

1. e4 e5 2. Nf3 d6 3. d4 Nd7 4. c3 Be7 5. Bc4 Ngf6 6. dxe5 dxe5 7. Nbd2 0-0 8. Qe2 c6 9. h3 b5 10. Bb3 a5 11. Nf1 Qc7 12. Bc2 a4 13. Ng3 Ba6 14. b4 Rfc8 15. Nf5 Bf8 16. Bd2 c5 17. Bd3 a3 18. 0-0 c4 19. Bc2 Bb7 20. Ng5 h6 21. Nf3 Kh7 22. Nh2 g6 23. Ng3 Bd6 24. Rad1 Rd8 25. Bxh6 Kxh6 26. Qd2+ Kg7 27. Qxd6 Qxd6 28. Rxd6 Nf8 29. Rfd1 Ne6 30. Nf3 Rxd6 31. Rxd6 Nf4 32. Rb6 Ba6 33. Nxe5 Re8 34. Nf3 Re6 35. Rb8 Re8 36. Rxe8 Nxe8 37. Nd4 Nd6 38. e5 Ne8 39. Ne4 Bb7 40. Nxb5 Nd3 41. Bxd3 cxd3 42. Nd2 g5 43. f3 Kg6 44. Nd6 Nxd6 45. exd6 Kf6 46. Kf2 Ke6 47. Ke3 1-0

[Event "Ramovill Fuzesabony op"]
[Site "Fuzesabony"]
[Date "1994.??.??"]
[Round "1"]
[White "Pallos, Laszlo"]
[Black "Mike, Attila"]
[Result "1-0"]
[WhiteElo "2250"]
[BlackElo "1900"]
[PlyCount "87"]
[EventDate "1994.??.??"]
[EventType "swiss"]
[EventRounds "9"]
[EventCountry "HUN"]
[SourceTitle "EXT 2004"]
[Source "ChessBase"]
[SourceDate "2003.11.25"]
[SourceVersion "1"]
[SourceVersionDate "2003.11.25"]
[SourceQuality "1"]

1. Nf3 c5 2. c4 d6 3. g3 Nf6 4. Bg2 e6 5. 0-0 Be7 6. Nc3 a6 7. a3 0-0 8. Rb1 Qc7 9. d3 Bd7 10. b3 Bc6 11. Bb2 Nbd7 12. Qc2 h6 13. e4 e5 14. Bc1 Nh7 15. Ne1 Bg5 16. f4 exf4 17. gxf4 Be7 18. Nf3 Qd8 19. d4 cxd4 20. Nxd4 Qb6 21. Be3 Ndf6 22. Nf5 Qd8 23. h3 Re8 24. Rbd1 Qc7 25. Rd2 Rad8 26. Rfd1 Rd7 27. b4 b6 28. b5 Bb7 29. Na4 axb5 30. Nxb6 Rdd8 31. cxb5 Qxc2 32. Rxc2 Bxe4 33. Bxe4 Nxe4 34. a4 Bf8 35. Bd4 g6 36. Ne3 Bg7 37. Bxg7 Kxg7 38. Ned5 Nhf6 39. Nc7 Re7 40. a5 Rb8 41. a6 Ne8 42. a7 Rd8 43. a8Q Rxa8 44. Nbxa8 1-0

[Event "HUN-chT3"]
[Site "Hungary"]
[Date "1991.??.??"]
[Round "?"]
[White "Szurovszky, Elek"]
[Black "Pallos, Laszlo"]
[Result "1-0"]
[WhiteElo "2265"]
[BlackElo "2250"]
[PlyCount "51"]
[EventDate "1991.??.??"]
[EventType "team"]
[EventRounds "11"]
[EventCountry "HUN"]
[SourceTitle "EXT 2001"]
[Source "ChessBase"]
[SourceDate "2000.11.22"]
[SourceVersion "1"]
[SourceVersionDate "2000.11.22"]
[SourceQuality "1"]

1. e4 e5 2. Nf3 Nc6 3. d4 exd4 4. Nxd4 Qf6 5. Be3 Bc5 6. c3 Nxd4 7. cxd4 Bb4+ 8. Nc3 Bxc3+ 9. bxc3 d6 10. g3 h5 11. h4 Bg4 12. Qa4+ c6 13. Bg2 Nh6 14. Rb1 Bc8 15. Qa5 Ng4 16. Bf4 Qe7 17. 0-0 f5 18. Qb4 c5 19. dxc5 dxc5 20. Qb5+ Bd7 21. Qxb7 0-0 22. Rbd1 Rad8 23. Bd6 Qf7 24. Bxf8 Kxf8 25. Qc7 Qe7 26. exf5 1-0